000 00586 a2200193 4500
001 61848
005 20260407155910.0
008 260407a1951 arg spa d
003 AR-UNSa-BCEJYS
040 _aAR-UNSa-BCEJYS
_bspa
_cAR-UNSa-BCEJYS
080 _a347.725
_xSociedades públicas. Sociedades anónimas (Sociedades por acciones)
245 1 0 _aLos dividendos de las sociedades anónimas
264 1 _aBuenos Aires :
_bDepalma
_c1951
300 _a322 p.
_c24 cm.
041 _aspa
942 _cBK
590 _aniveau_biblio:m niveau_hierar:0
100 1 _aSussini, Miguel (h.)
999 _c7438
_d7438